000 00304nam a22001337a 4500
008 170201b xxu||||| |||| 00| 0 eng d
020 _a9780205342815
041 _aeng
080 _22ND
_a61
100 _a3
101 _aSHM
245 _aCOMMUNITY HEALTH IN 21ST CENTURY
_cREAGAN, P.A
942 _2udc
_cBK
999 _c4202
_d4202